00362nam a22000977a 4500100006500000245008900065260002700154300000900181700004200190856003200232 aYumna Sikander a17MSIT21aSupervisor - Dr Adnan Ahmed Arain aComparative Analysis of Routing Protocols for Underwater Sensor Networks (ME Thesis) aNawabshahbQUESTc2021 a37p. adepartment of Information Technology  uhttp://tinyurl.com/5f26tjce